Music Quiz

Random Music or Clickable Quiz
Score 0/50 Timer 06:00
1 Play Today
% Correct
There
87.8%
Heart
86.2%
This
86.1%
Paradise
84.8%
Woman
83.6%
Rose
83.1%
Life
82.6%
Know
81%
Alone
78.5%
Holly
76.7%
Lay
75.5%
Night
73.9%
Around
71.8%
Bow
71.8%
Chanukah
68.1%
Me
65.4%
Wind
61.5%
Kill
59.6%
Dry
55.3%
Lightning
55.3%
Run
54.9%
Cry
54.6%
Poppa
53.8%
Back
52.9%
Lie
50.9%
% Correct
Sweet
49.9%
Heads
49.4%
Strong
48.2%
Wanted
47.9%
Tootsee
43.7%
High
41.4%
It
40.6%
Special
38.9%
Dear
37.4%
Anthem
36.6%
Exhale
33.9%
Dick
33.5%
Something
31.7%
Hate
28.6%
Roll
27.4%
Light
25.7%
Bang
24.5%
Diggin'
22.9%
Flow
21.6%
Freek
21.1%
Sleep
21%
Candy
19.4%
Hey
19.3%
Tell
16.7%
Id
11.8%

You're not logged in!

Compare scores with friends on all Sporcle quizzes.
OR
Log In

Sporcle TV

Today on Sporcle TV


Watch our educational content, quiz creation guides, and fun videos on Sporcle TV.

Show Comments

Extras

Top Quizzes Today


Score Distribution

Paid Content

Your Account Isn't Verified!

In order to create a playlist on Sporcle, you need to verify the email address you used during registration. Go to your Sporcle Settings to finish the process.

Report this User

Report this user for behavior that violates our Community Guidelines.

Details: